000
00335nam a2200133 a 4500
005
20140414093843.0
008
090422s19uu xx uuu eng d
050
_a
DVD 791.43
_b
LIT 1974
100
_a
Donen, Stanley
245
_a
The Little Prince /
_c
Stanley Donen.
650
_a
Motion pictures.
942
_c
AVM
999
_c
109436
_d
109436